000
00326nam a2200133Ia 4500
008
220216s9999 xx 000 0 und d
100
_a
Stevens H P
245
0
_a
Note on ageing tests for sponge rubber
260
_b
IRI Transactions
_c
1929
300
_a
486-492
650
_a
Ageing
650
_a
Sponge rubber
942
_c
JS
999
_c
64037
_d
64037